| 000 | 01059nam a2200253Ia 4500 | ||
|---|---|---|---|
| 003 | OSt | ||
| 005 | 20221005111919.0 | ||
| 006 | a|||||r|||| 00| 0 | ||
| 007 | ta | ||
| 008 | 221004b |||||||| |||| 00| 0 san d | ||
| 024 | _a31698 | ||
| 037 | _cTextual | ||
| 040 |
_aCRL _cCRL _bsan |
||
| 041 |
_2san _asan |
||
| 082 | _aP15,Cx1,1,6, 152K9.1-.4 | ||
| 100 | _aदीक्षित, भट्टोजी | ||
| 245 | 0 |
_aवैयाकरण-सिद्धान्तकौमुदी _b हिन्दीव्याख्यासहिता |
|
| 246 | _aVaiyākaraṇa-siddhāntakaumudī: hindīvyākhyāsahitā | ||
| 260 |
_aवाराणसी _bचौखम्बा संस्कृत संस्थान भारत _c1969 |
||
| 490 |
_vचतुर्थ भाग _aकाशी संस्कृत सीरीज; 191 |
||
| 650 | _aहिन्दी भाषा | ||
| 942 |
_hP15,Cx1,1,6, 152K9.1-.4 _cTEXL _2cc |
||
| 999 |
_c1023281 _d1023281 |
||